000 00381nam a22001697a 4500
003 MPLRDC
005 20220104144420.0
008 210129b ||||| |||| 00| 0 eng d
082 _a868.71 WY-5
100 _a韦晕著
245 _a乌鸦港上黄昏
_c
250 _a初版
260 _a
_b文化供应社
_c1956
300 _b
650 _a
942 _cBK
_o868.71 WY-5
999 _c49391
_d49381